Score 0/18 Timer 02:00
0 Plays Today
Movie Title Missing word % Correct
________ Hood: Prince of ThievesRobin
97.7%
Message in a ________Bottle
96.9%
Dances with ________Wolves
95.7%
________ of DreamsField
89.3%
3000 ________ to GracelandMiles
88.5%
No ___ OutWay
85.9%
________ EarpWyatt
79.9%
The ______ ChillBig
76.9%
Bull ________Durham
73%
Movie Title Missing word % Correct
For Love of the _______Game
68.2%
________ CupTin
65.9%
_______ Has It...Rumor
52.4%
________ VoteSwing
34%
________ RangeOpen
29.8%
Thirteen _______Days
26.4%
The Company _______Men
24.1%
The Upside of ________Anger
20%
A ________ WorldPerfect
13.4%

Today's Daily Dose

Missing Word
'T' Pairs

Word Ladder
Game Pieces

Get the Picture
Baseball Movies

Remove Ads.
Support Sporcle.
Get the best of Sporcle when you Go Orange. This ad-free experience offers more features, more stats, and more fun while also helping to support Sporcle. Thank you for becoming a member.

You're not logged in!

Compare scores with friends on all Sporcle quizzes.
OR
Log In

Show Comments

Extras

Top Quizzes Today


Score Distribution

Your Account Isn't Verified!

In order to create a playlist on Sporcle, you need to verify the email address you used during registration. Go to your Sporcle Settings to finish the process.

Report this User

Report this user for behavior that violates our Community Guidelines.

Details: